| 000 | 01566nam a2200289Ia 4500 | ||
|---|---|---|---|
| 999 |
_c39387 _d39387 |
||
| 001 | 5976 | ||
| 003 | GE_BSU | ||
| 005 | 20191031101832.0 | ||
| 008 | 181216s||||||||xx |||||||||||||| ||und|| | ||
| 020 | _a9789941928444 | ||
| 040 | _cGE_BSU | ||
| 041 | _ageo | ||
| 080 | _a09(479.22) ქ-51 | ||
| 245 |
_aქართული ხელნაწერი წიგნი. V-XIX საუკუნეები = Georgian manuscript book, 5 th-19 th centures : _bალბომი / _c შემდგ.: მაია კარანაძე და სხვ. ; ნესტან ჩხიკვაძის რედ. ; ფოტოები მირიან კილაძე. |
||
| 264 |
_aთბილისი, _c2012 |
||
| 300 |
_a188 გვ.: _bილ. ; _c27 სმ. |
||
| 500 | _aპარალ. თავფურ., ყდა ქართ. და ინგლ.. | ||
| 653 | _aქართული ხელნაწერი | ||
| 653 | _aალბომები | ||
| 700 |
_aკარანაძე, მაია _eშემდგენელი _95136 |
||
| 700 |
_aშათირიშვილი, ლელა _eშემდგენელი _95137 |
||
| 700 |
_dჩხიკვაძე, ნესტან _eშემდგ.-რედაქტორი _95138 |
||
| 700 |
_aაბულაძე, თამარ _eშემდგენელი _95139 |
||
| 700 |
_a კილაძე, მირიან _eფოტო _95140 |
||
| 710 |
_aხელნაწერთა ეროვნ. ცენტრი _95131 |
||
| 942 |
_cBK _2udc |
||